| 000 | 02119nam a22004217a 4500 | ||
|---|---|---|---|
| 003 | OSt | ||
| 005 | 20191029062725.0 | ||
| 008 | 180226b xxu||||| |||| 00| 0 spa d | ||
| 020 | _a9509385557 | ||
| 040 | _cPJ | ||
| 245 | 1 | 0 |
_aProtección del administrado / _cJorge Sarmiento Garcia....[et. al]. |
| 260 |
_aBuenos Aires : _bCiudad Argentina, _c1996. |
||
| 300 |
_a411 p. _c20cm |
||
| 505 |
_tIntroducción al procedimiento y al proceso administrativos / _rJorge H. Sarmiento García. |
||
| 505 |
_t¿Hacia dónde va (o debiera ir) el proceso administrativo, tras la reforma constitucional? / _rJavier Urrutigoity. |
||
| 505 |
_tCausas y consecuencias de la morosidad administrativa / _rAlberto M. Sánchez. |
||
| 505 |
_tLa impugnación administrativa, las otras vías paralelas y el "nuevo" amparo constitucional / _rOlga Pura Arrabal de Canals. |
||
| 505 |
_tEl hábeas data y la actividad estatal / _rJuan Fernando Armagnague. |
||
| 505 |
_tSuspensión de la ejecución del acto administrativo / _rJosé Luis Correa. |
||
| 505 |
_tLa protección del administrado en la contratación administrativa / _rMarta González de Aguirre. |
||
| 505 |
_tLa autonomía universitaria y el recurso de alzada en las universidades nacionales / _rJulio A. Alvarez. |
||
| 505 |
_tGastos causídicos en el procedimiento y proceso administrativos. Juriprudencia / _rLiliana C. Giannaccari de Mathus. |
||
| 505 |
_tPrórroga de la jurisdicción internacional / _rEfráin I. Quevedo Mendoza. |
||
| 650 | 0 |
_aDERECHO ADMINISTRATIVO _9211 |
|
| 650 | 0 |
_aPROCEDIMIENTO ADMINISTRATIVO _91135 |
|
| 650 | 0 |
_aACTO ADMINISTRATIVO _91171 |
|
| 700 |
_aSarmiento García, Jorge H. _924 |
||
| 700 |
_930 _aUrrutigoity, Javier |
||
| 700 |
_94160 _aSanchez, Alberto M. |
||
| 700 |
_94161 _aArrabal de Canals, Olga Pura |
||
| 700 |
_9786 _aArmagnague, Juan Fernando |
||
| 700 |
_9788 _aCorrea, José Luis |
||
| 700 |
_93266 _aGonzález de Aguirre, Marta |
||
| 700 |
_9789 _aAlvarez, Julio |
||
| 700 |
_94162 _aGiannaccari de Mathus, Liliana C. |
||
| 700 |
_92357 _aQuevedo Mendoza, Efrain I. |
||
| 942 |
_2udc _cLIB _h342.9 _iPRO |
||
| 999 |
_c2737 _d2737 |
||